Culture Générale 28 Juillet 2023 - Statistiques

Statistiques générales
  • Ce quiz a été pris 73 fois
  • Le résultat moyen est 8 sur 19
Statistiques - réponses
Questions Réponses Catégories % Correct
L'Oregon est un état de quel pays ? Etats-Unis Géographie
94%
La cabine téléphonique rouge est une caractéristique emblématique des rues de quel pays ? Royaume-Uni Culture
94%
Comment s'appelle un vélo censé être monté par plus d'une personne ? Tandem Sport
87%
Xitang est un bourg de quel pays ? Chine Géographie
81%
Où vivent les girafes ? Savane Nature
71%
Quel astronome a défendu la théorie de l'héliocentrisme selon laquelle la Terre tourne autour du Soleil ? Nicolas Copernic Science
55%
Qui a donné son nom à l'invention du bain à remous ? Roy Jacuzzi Science
49%
Le Châtelperronien est une culture préhistorique de quels pays ? France/ Espagne Histoire
43%
Quel peintre français a peint 'Le pont d'Argenteuil' et ' La Pie' ? Claude Monet Culture
36%
Qui a peint "La Création d'Adam" ? Michel-Ange Culture
36%
Une romancière et théoricienne du féminisme française. Simone de Beauvoir Société
35%
Qu'est-ce qui protège la moelle épinière ? Vertèbre Science
25%
Comment s'appelle le plus grand monstre marin biblique ? Léviathan Culture
22%
William John Smith surnommé Billy Smith est un joueur de quel sport ? Hockey sur glace Sport
14%
Qui a inventé le stylo à bille viable et à écriture douce ? Laszlo Biro Société
6%
Quelle unité est utilisée pour mesurer le taux de changement évolutif ? Darwin Science
3%
Un philosophe néoplatonicien d'origine Arabe. Jamblique Histoire
1%
Quelle plante se sépare de la racine et s'envole, roulant au gré du vent ? Virevoltant Nature
1%
Quel insecte est sur la photo en haut de la page ? Arlequin de Cayenne Nature
0%
Aucun quiz correspondant
Distribution des résultats
% des personnes avec chaque résultat
Percentile par nombre de réponses
Votre historique - résultats
Vous n’avez pas pris ce quiz